Datum a čas kvízu
37
Celkem bodů
Celkový počet nahraných bodů na tomto kvízu bez doplňovacích otázek.
2.
Pořadí na kvízu
Konečné umístění týmu na tomto kvízu.
Zaznamenané odpovědi
| # | Otázka | Odpověď | Body | Výsledky |
|---|---|---|---|---|
| 1. | Minulý týden navštívili Pražsk... | Argentina, Slovensko | 1 | |
| 2. | Minulý týden jsme se dozvěděli... | A) elektrokol | 1 | |
| 3. | Minulý týden jsme se dozvěděli... | Tereza Pergnerová | 0 | |
| 4. | Ve čtvrtek byla veřejnosti pře... | v Ostravě | 1 | |
| 5. | Tak trochu ve stínu Eura se v... | Copa América | 1 | |
| 6. | Dobytek se tradičně rozděloval... | brav | 0 | |
| 7. | Jak se jmenuje zobrazené asijs... | kašmírská koza | 0 | |
| 8. | Které z následujících tvrzení... | B | 1 | |
| 9. | Jak se jmenuje člověkem vyhube... | pratur | 0 | |
| 10. | Zvířata, která mají vlnu, vylu... | lanolin | 1 |